[Event "Ch Greece (team)"]
[Site "masterchessopen.com - Ermioni (Greece)"]
[Date "2006.07.08"]
[Round "7"]
[White "Lirindzakis Timotheos (GRE)"]
[Black "Dagkakis Panagiotis (GRE)"]
[Result "1-0"]
[WhiteElo "2373"]
[BlackElo "2246"]

1.d4 Nf6 2.c4 c5 3.d5 e6 4.Nc3 exd5 5.cxd5 d6 6.Nf3 g6 7.Nd2 Bg7 8.e4 O-O
9.Be2 Re8 10.O-O Na6 11.f3 Nc7 12.a4 b6 13.Nc4 Ba6 14.Bg5 Qd7 15.Kh1 Rab8
16.Rb1 Bxc4 17.Bxc4 a6 18.b4 b5 19.Be2 c4 20.a5 Nh5 21.Bd2 Qe7 22.f4 Nf6
23.Bf3 Nd7 24.Qc2 Qf8 25.Rbe1 f5 26.exf5 Qxf5 27.Be4 Qh5 28.Re3 Nf6 29.Rh3 Qg4
30.Rg3 Qh4 31.Bf3 Nh5 32.Rh3 Qf6 33.Bxh5 gxh5 34.Rxh5 Qg6 35.Qd1 Qd3 36.Rf3
Qd4 37.Ne2 Qa1 38.Nc1 Qd4 39.Rg5 Nxd5 40.Ne2 Rxe2 41.Qxe2 Kf7 42.Rfg3 Bf6
43.Qh5+ Ke6 44.Rxd5 Qa1+ 45.Bc1 Qxc1+ 46.Rd1 Qxf4 47.Rf3 Qh4 48.Qd5+ {#r} 1-0

[Event "Tournament"]
[Site "masterchessopen.com - Esbjerg (Denmark)"]
[Round "8"]
[White "Hamann Svend (DEN)"]
[Black "Fedder Steen (DEN)"]
[Result "1-0"]
[WhiteElo "2490"]
[BlackElo "2370"]

1.d4 Nf6 2.c4 c5 3.d5 e6 4.Nc3 exd5 5.cxd5 d6 6.e4 g6 7.Nf3 Bg7 8.Be2 O-O
9.O-O Re8 10.Nd2 Na6 11.f3 Nc7 12.a4 b6 13.Nc4 Ba6 14.Bg5 h6 15.Be3 Qd7 16.Qd2
Kh7 17.Rab1 Bxc4 18.Bxc4 a6 19.b4 b5 20.Be2 cxb4 21.Rxb4 Reb8 22.axb5 axb5
23.Rfb1 Ra5 24.Bd4 Qe7 25.Nxb5 Nxb5 26.Rxb5 Raxb5 27.Rxb5 Rc8 28.Bf2 h5 29.Rb1
Ne8 30.Bd3 Rc3 31.Bb5 Qb7 32.Qa2 Qe7 33.Qa7 Qg5 34.Qxf7 Nf6 35.Bf1 h4 36.Rb7
Nh5 37.f4 Qg4 38.f5 Rc1 39.fxg6+ Qxg6 40.Qxg6+ Kxg6 41.Bxh4 Be5 42.g3 Rc2
43.Bh3 Ng7 44.Rb1 Re2 45.Bg2 Bd4+ 46.Kh1 Ne8 47.Bf3 Re3 48.Kg2 Nf6 49.Rb4 Be5
50.Rc4 Ra3 51.Rc2 Re3 52.Re2 {#r} 1-0

[Event "It (open)"]
[Site "masterchessopen.com - Figueres (Spain)"]
[Date "2010.08.14"]
[Round "4"]
[White "Gonzalez Manchon Juan Miguel (ESP)"]
[Black "Aroshidze Levan (GEO)"]
[Result "0-1"]
[WhiteElo "2091"]
[BlackElo "2552"]

1.d4 Nf6 2.c4 c5 3.d5 e6 4.Nc3 exd5 5.cxd5 d6 6.Nf3 g6 7.Nd2 Bg7 8.e4 O-O
9.Be2 Re8 10.O-O Na6 11.f3 Nc7 12.a4 Nd7 13.Nb5 Nxb5 14.Bxb5 Rf8 15.Nc4 Ne5
16.Ne3 Rb8 17.Be2 f5 18.exf5 gxf5 19.f4 Nf7 20.Bd3 Nh6 21.h3 Bd7 22.Nc4 Qf6
23.Bd2 Nf7 24.Bc3 Qg6 25.Bxg7 Qxg7 26.Qf3 Rbe8 27.Rfe1 Qf6 28.Kh2 b6 29.Qg3+
Kh8 30.Qf2 Rg8 31.Qc2 Qh4 32.Qd2 Rxg2+ 33.Qxg2 Rxe1 34.Rxe1 Qxe1 35.b3 Qh4
36.Qg3 Qf6 37.Qe3 Kg7 38.Qg3+ Kf8 39.Qe3 Nh8 40.Ne5 dxe5 41.fxe5 f4 42.Qe4 Qg5
43.e6 Qg3+ 44.Kh1 Qxh3+ 45.Kg1 Ng6 46.exd7 Qxd7 47.Qf3 Qd6 48.Qh5 Kg7 49.Kf1
Qe5 50.Qg4 Qxd5 51.Bc4 Qe5 52.Qd7+ Qe7 53.Qf5 Ne5 54.Qe4 Qd6 55.Qg2+ Kf6
56.Bd5 Ng6 57.Qe4 Qe5 {#R} 0-1

[Event "Ch France (team)"]
[Site "masterchessopen.com - France"]
[Round "0"]
[White "Schwicker Francois (FRA)"]
[Black "Garrido Denis (FRA)"]
[Result "1-0"]
[WhiteElo "2189"]
[BlackElo "2274"]

1.d4 Nf6 2.c4 c5 3.d5 g6 4.Nc3 Bg7 5.e4 d6 6.Nf3 e6 7.Be2 exd5 8.cxd5 O-O
9.O-O Re8 10.Nd2 Na6 11.f3 Nc7 12.a4 Nd7 13.Nc4 Ne5 14.Be3 Rb8 15.Qd2 Nxc4
16.Bxc4 a6 17.a5 b5 18.axb6 Rxb6 19.Rab1 Bd7 20.Bg5 Qb8 21.f4 Rb4 22.b3 Bb5
23.e5 Bxc4 24.bxc4 dxe5 25.d6 Ne6 26.d7 Rf8 27.Be7 exf4 28.Bxf8 Qxf8 29.Nd5
Bd4+ 30.Kh1 Rxb1 31.Rxb1 Qd6 32.Rb6 Qf8 33.Rc6 Kg7 34.Qa5 Qb8 35.Rb6 Qd8
36.Qa4 Qh4 37.Qd1 Be5 38.Qe2 Bf6 39.Nxf6 Qxf6 40.Qd1 Qd8 41.Rxa6 Nd4 42.Ra7 g5
43.Qe1 Qf6 44.Ra6 Ne6 45.Rd6 Qd8 46.Qe5+ Kf8 47.h3 Ke7 48.Rd5 Kf8 49.Qh8+ Ke7
50.Qxh7 Qa5 51.Qe4 Qd8 52.Qe5 Kf8 53.Qd6+ Kg7 54.Rd1 Kg6 55.Rb1 g4 56.Qd3+ Kg5
57.hxg4 Kxg4 58.Qh3+ Kg5 59.Rd1 Nd4 60.Re1 f5 61.Qh7 {#r} 1-0

[Event "Ch France (team)"]
[Site "masterchessopen.com - France"]
[Round "0"]
[White "Pinter Jozsef (HUN)"]
[Black "Badii Madjid (FRA)"]
[Result "1-0"]
[WhiteElo "2575"]
[BlackElo "2192"]

1.d4 Nf6 2.c4 c5 3.d5 e6 4.Nc3 exd5 5.cxd5 d6 6.e4 g6 7.Nf3 Bg7 8.Be2 O-O
9.O-O Re8 10.Nd2 Na6 11.f3 Nc7 12.a4 b6 13.Kh1 Rb8 14.Bb5 Nxb5 15.axb5 Qe7
16.Nc4 Rd8 17.Re1 Ne8 18.Bf4 Be5 19.Qd2 Bxf4 20.Qxf4 f6 21.Qh4 Rb7 22.f4 Qd7
23.e5 Qg4 24.Qxg4 Bxg4 25.e6 Bf5 26.Ne3 Bd3 27.Red1 c4 28.Na2 Rc8 29.Nb4 Rc5
30.Nxd3 cxd3 31.Rxd3 Rxb5 32.Rc3 Kf8 33.b3 Ke7 34.g4 Rc5 35.Rd3 b5 36.Kg2 b4
37.Nc4 Kf8 38.Kf3 Rbb5 39.Rxa7 Rxd5 40.Re3 h5 41.h3 Rdc5 42.Rf7+ Kg8 43.Rd7
Rd5 44.gxh5 gxh5 45.Kf2 Rb8 46.Rg3+ Kh8 47.Rf7 {#r} 1-0

[Event "Ch France (team) (2) 1994/95"]
[Site "masterchessopen.com - France"]
[Round "2"]
[White "Pinter Jozsef (HUN)"]
[Black "Lecuyer Christian (FRA)"]
[Result "1-0"]
[WhiteElo "2565"]
[BlackElo "2235"]

1.d4 Nf6 2.c4 e6 3.Nf3 c5 4.d5 exd5 5.cxd5 d6 6.Nc3 g6 7.e4 Bg7 8.Be2 O-O
9.O-O Re8 10.Nd2 Na6 11.f3 Nc7 12.a4 b6 13.Kh1 Rb8 14.Bb5 Rf8 15.Bc6 a6 16.Rb1
b5 17.axb5 axb5 18.Ne2 Nd7 19.f4 f5 20.b4 Nf6 21.bxc5 dxc5 22.Qc2 fxe4 23.Qxc5
Bf5 24.Ng3 e3 25.Nxf5 gxf5 26.Qxe3 Nfxd5 27.Qc5 Nc3 28.Rb3 Qd4 29.Qxd4 Bxd4
30.Nf3 Bg7 31.Ba3 Rfd8 32.Ne5 N3d5 33.Bxd5+ Nxd5 34.Nc6 {#r} 1-0

[Event "Ch France (team) (nat.1) 2007/08"]
[Site "masterchessopen.com - France"]
[Date "2007.11.25"]
[Round "3"]
[White "Fayard Alain (FRA)"]
[Black "Becht Lucas (FRA)"]
[Result "1-0"]
[WhiteElo "2360"]
[BlackElo "2198"]

1.d4 e6 2.c4 c5 3.d5 exd5 4.cxd5 d6 5.Nc3 g6 6.Nf3 Nf6 7.Nd2 Bg7 8.e4 O-O
9.Be2 Re8 10.O-O Na6 11.f3 Nc7 12.a4 b6 13.Re1 Nh5 14.Nf1 f5 15.g3 f4 16.Bc4
Be5 17.Ne2 Qf6 18.gxf4 Nxf4 19.Nxf4 Bxf4 20.Bxf4 Qxf4 21.Ra3 Bh3 22.Qd2 g5
23.Rae3 Re5 24.Ng3 Rf8 25.Ne2 Qh4 26.Qc3 Bd7 27.Nc1 g4 28.f4 Rxf4 29.Nd3 Rh5
30.Qd2 Rf3 31.e5 Rxe3 32.Rxe3 dxe5 33.Nxe5 Bf5 34.d6+ Ne6 35.d7 Qd8 36.Nc6
{#r} 1-0

[Event "It (cat.8)"]
[Site "masterchessopen.com - Gausdal (Norway)"]
[Round "3"]
[White "Lugovoi Aleksei (RUS)"]
[Black "Lie Kjetil A (NOR)"]
[Result "0-1"]
[WhiteElo "2550"]
[BlackElo "2474"]

{ Lugovoi Aleksei (RUS) +1 =0 -0 } 1.d4 { 1 } 1...Nf6 2.c4 c5 3.d5 e6 4.Nc3
exd5 5.cxd5 d6 6.Nf3 g6 7.Nd2 Bg7 8.e4 O-O 9.Be2 Re8 10.O-O Na6 11.f3 Nc7
12.a4 b6 13.Nc4 Ba6 14.Bg5 Qd7 { ?/= } 15.Kh1 ( 15.Qd2 Bxc4 16.Bxc4 a6 17.Rfe1
b5 18.Bf1 bxa4 19.Rxa4 Rab8 20.Rea1 Rb6 21.Bxa6 Reb8 22.R1a2 Nxa6 23.Rxa6 Rxa6
24.Rxa6 Ne8 25.h3 Qb7 26.Ra2 Qb6 27.Kh2 Nf6 28.Bh6 Bh8 29.Nd1 Nd7 30.Ne3 Qb3
31.Ra7 Ne5 32.Ra3 Qb5 33.b3 c4 34.bxc4 Nxc4 { ...1-0, Keres Paul 2615 -
Bobotsov Milko G 2485 , Amsterdam 1971 It "IBM" (cat.11) } ) 15...Rab8 16.b3 (
16.Re1 Bxc4 17.Bxc4 a6 18.Bf1 h6 19.Be3 Kh7 20.Qd2 Rb7 21.Rab1 b5 22.b4 c4
23.a5 Qe7 24.Bd4 Nd7 25.Bxg7 Kxg7 26.Rbd1 Qf8 27.f4 Kh7 28.g3 Rbb8 29.Bh3 Rbd8
30.Re3 Qg7 31.Rde1 h5 32.Ne2 Nf6 33.Nd4 Ng4 34.Bxg4 hxg4 35.f5 gxf5 { ...1-0,
Pinter Jozsef 2595 - Brynell Stellan 2485 , Elista 1998 Olympiad } ) ( 16.Qd2
Rbd8 17.Bd3 Rf8 { } ) 16...Nh5 ( 16...h6 17.Bd2 Qe7 18.Re1 Nd7 19.f4 Bxc4
20.bxc4 Bxc3 21.Bxc3 Qxe4 22.Qd2 Qe3 23.Bd3 Qxd2 24.Bxd2 Nf6 25.Bc3 Rxe1+
26.Rxe1 Re8 27.Rxe8+ Nfxe8 28.g3 Kf8 29.f5 g5 30.f6 Na6 31.Kg2 Nb8 32.Bf5 a6
33.Kf3 b5 34.axb5 axb5 35.cxb5 Nc7 36.b6 { ...1/2-1/2, Mecking Henrique 2540 -
Gutierrez Mangel Joaquin A, Bogota 1970 It } ) 17.Rc1 ( 17.Bd2 Nf4 18.Bxf4
Bxc4 19.bxc4 Bxc3 20.Ra3 Bd4 21.Qe1 Qe7 22.Bd3 Na6 23.Qg3 Red8 24.Bg5 Bf6
25.h4 Bxg5 26.hxg5 f6 27.gxf6 Qxf6 28.f4 Re8 29.Bb1 Re7 30.Re3 Rf8 31.Ref3 Qg7
32.Qg5 Nc7 33.e5 Ne8 34.e6 Qf6 35.Qh6 Qd4 36.Bd3 Nf6 { ...0-1, Burger Karl
2360 - Quinteros Miguel A 2500 , New York 1983 It } ) 17...f6 ( 17...b5
18.axb5 Nxb5 19.Nxb5 Bxb5 20.g4 Nf6 21.Bf4 Bxc4 22.Bxc4 Qe7 23.Qe2 h5 24.g5
Nd7 25.Bb5 Rf8 26.b4 Rfc8 27.Bxd7 Qxd7 28.bxc5 Rb2 29.c6 Qh3 30.Bd2 a5 31.Rf2
a4 32.Qf1 Qxf1+ 33.Rcxf1 a3 34.Bc1 Rb3 35.Ra2 Ra8 36.Kg2 Kf8 37.Rff2 { ...1-0,
Chernin Alexander 2572 - Handke Florian 2455 , Saint Vincent 2000 Ch Europe }
) ( 17...Bd4 18.g4 Ng7 19.Bf4 Bxc4 20.bxc4 Re7 21.Bd3 Rbe8 22.Ne2 Be5 23.Bd2
f5 24.exf5 gxf5 25.f4 Bf6 26.g5 Bd4 27.Ng3 Be3 28.Bxe3 Rxe3 29.Qc2 Rf8 30.Rce1
Rxe1 31.Rxe1 a6 32.h4 b5 33.cxb5 axb5 34.axb5 Nxb5 35.Qa4 Rb8 36.Rb1 Qe8
37.Rxb5 { ...1-0, Ivanchuk Vassily 2625 - Manor Ilan 2430 , Adelaide 1988 Ch
World (juniors) (under 20) } ) 18.Bd2 ( 18.Be3 f5 19.g4 Bxc4 20.bxc4 fxg4
21.fxg4 Nf6 22.Bf3 Qe7 23.Bg5 h6 24.Bh4 g5 25.Be1 Rf8 26.Bg2 Nd7 27.Rxf8+ Rxf8
28.Ne2 Be5 29.Qd3 Ne8 30.Bd2 Qg7 31.Rf1 Rxf1+ 32.Bxf1 Qf7 33.Kg2 Nef6 34.h3
Qg6 35.Nc3 Bxc3 36.Bxc3 Qxe4+ 37.Qxe4 Nxe4 { ...0-1, Portisch Lajos 2625 -
Nunn John D M 2565 , London 1982 It (cat.14) } ) 18...f5 { } 19.Bd3 { N } (
19.exf5 gxf5 20.Re1 ( 20.f4 Nf6 21.Bf3 Bb7 22.Be1 Ba8 23.Qd3 Rf8 24.Ne3 Nfe8
25.Ne2 Bb7 26.Bh4 Ba6 27.Qc2 b5 28.a5 b4 29.Rfe1 Nb5 30.Qd3 Nec7 31.Nc4 Bf6
32.Bxf6 Rxf6 33.Ng3 Nd4 34.Nh5 Rh6 35.Qe3 Qf7 36.Ng3 Bb7 37.Qe7 Nxd5 38.Qxf7+
Kxf7 { ...0-1, Huss Andreas 2390 - Wahls Matthias 2515 , Lucerne 1989 It } )
20...f4 21.Bd3 Bd4 22.Rxe8+ Rxe8 23.Ne2 Bf2 24.Be4 Rf8 25.Be1 Bxe1 26.Qxe1 Qe7
27.Nc3 Bb7 28.Bd3 Qxe1+ 29.Rxe1 Re8 30.Be4 Rd8 31.Bxh7+ Kf7 32.Ne4 Bxd5
33.Nexd6+ Kf6 34.Be4 Bg8 35.Kg1 Ng7 36.g4 fxg3 37.hxg3 Nge6 38.Kf2 Nd4 {
...1-0, Ivanchuk Vassily 2625 - Wahls Matthias 2460 , Adelaide 1988 Ch World
(juniors) (under 20) } ) 19...f4 { ?! } ( 19...fxe4 { !? } 20.fxe4 Rf8 21.Qe2
Bd4 { } ) 20.Ne2 g5 21.b4 Rf8 22.Qc2 Bxc4 23.Bxc4 Be5 24.bxc5 bxc5 25.Rb1 g4
26.fxg4 Qxg4 27.Rf3 Kh8 28.h3 { ?! } ( 28.Rxb8 { !? } 28...Rxb8 29.Qc1 Rb2
30.Bxf4 { } ) 28...Qg7 { ?! } ( 28...Rxb1+ { !? } 29.Qxb1 Qg7 30.Qf1 Rg8 { } )
29.Rxb8 Rxb8 30.Nxf4 { ! } ( 30.Bc1 { ? } 30...a5 31.Kg1 Rg8 32.Nxf4 { } )
30...Ng3+ 31.Kg1 Rb2 32.Qd3 Nxe4 33.Bc1 Ng5 { ? } ( { ? } 33...Bd4+ 34.Kf1 Rb4
35.Ne2 Ng5 { } ) 34.Rf1 { ? } ( { ? } 34.Rg3 Bd4+ 35.Kh2 Qe5 36.Bxb2 { } )
34...Rb8 35.h4 { ?! } ( 35.Nh5 { !? } 35...Qe7 36.Qf5 h6 37.Nf4 { } ) 35...Nf7
36.Nh5 Qg4 37.Rxf7 Qxh5 38.Rxc7 Qxh4 39.g3 { ? } ( { ? } 39.Qh3 Qxh3 40.gxh3
Rb1 41.Rxh7+ { } ) 39...Rg8 40.Rc8 { ?! } ( 40.Kf1 { !? } 40...Qh1+ 41.Ke2
Rxg3 42.Rc8+ { } ) 40...Qd4+ 41.Be3 { ?! } ( 41.Qxd4 { !? } 41...Bxd4+ 42.Kg2
Rxc8 43.Bf4 { } ) 41...Qa1+ { } {#R} 0-1

[Event "Regionalliga NordN"]
[Site "masterchessopen.com - Germany"]
[Round "0"]
[White "Zierke Oliver (GER)"]
[Black "Homuth Wolfgang (GER)"]
[Result "0-1"]
[WhiteElo "2273"]
[BlackElo "2223"]

1.d4 Nf6 2.c4 c5 3.d5 d6 4.Nc3 g6 5.e4 Bg7 6.Nf3 O-O 7.Be2 e6 8.O-O exd5
9.cxd5 Na6 10.Nd2 Re8 11.f3 Nc7 12.a4 b6 13.Kh1 Rb8 14.Rb1 a6 15.Qc2 b5
16.axb5 axb5 17.b4 c4 18.Re1 Nh5 19.Nf1 Be5 20.g3 f5 21.Bb2 f4 22.g4 Ng7
23.Bd1 Qh4 24.Re2 h5 25.Rg2 hxg4 26.fxg4 f3 27.Bxf3 Rf8 28.Be2 Na6 29.Bc1 Bxg4
30.Bg5 Qxg5 31.Bxg4 Qf6 32.Ne2 Nxb4 33.Qd2 Nd3 34.Qh6 Nf2+ 35.Rxf2 Qxf2
36.Qxg6 Qf6 {#R} 0-1

[Event "Regionalliga NordN"]
[Site "masterchessopen.com - Germany"]
[Round "0"]
[White "Zierke Oliver (GER)"]
[Black "Woelk Siegfried (GER)"]
[Result "0-1"]
[WhiteElo "2273"]
[BlackElo "2083"]

1.d4 Nf6 2.c4 c5 3.d5 d6 4.Nc3 g6 5.e4 Bg7 6.Nf3 O-O 7.Be2 e6 8.O-O exd5
9.cxd5 Re8 10.Nd2 Na6 11.f3 Nc7 12.a4 b6 13.a5 b5 14.Nxb5 Nfxd5 15.Nxc7 Nxc7
16.Kh1 Rb8 17.Nc4 Ba6 18.Bf4 Bxc4 19.Bxc4 Bd4 20.Rb1 Ne6 21.Bxe6 fxe6 22.Qd2
Rb4 23.Bh6 Qxa5 24.f4 Qb5 25.Qd1 Rxb2 26.Rxb2 Qxb2 27.Qa4 Qb8 28.e5 Re7 29.Qc6
d5 30.Bg5 Qe8 31.Qa6 Rc7 32.Rb1 c4 33.Qd6 Qc8 34.Bd8 Rc6 35.Qe7 Bc5 36.Qe8+
Bf8 37.f5 exf5 38.h3 Qe6 39.Qxe6+ Rxe6 40.Bc7 Bg7 41.Rd1 Rc6 {#R} 0-1

[Event "Regionalliga NordS"]
[Site "masterchessopen.com - Germany"]
[Round "0"]
[White "Juhnke Karl (GER)"]
[Black "Geveke Michael (GER)"]
[Result "1-0"]
[WhiteElo "2178"]
[BlackElo "2290"]

1.d4 c5 2.d5 e6 3.c4 exd5 4.cxd5 d6 5.Nc3 g6 6.Nf3 Bg7 7.Nd2 Nf6 8.e4 O-O
9.Be2 Re8 10.O-O Na6 11.f3 Nc7 12.a4 b6 13.Nc4 Ba6 14.Bg5 Qd7 15.Qd2 Rab8
16.Rab1 Bxc4 17.Bxc4 a6 18.b4 b5 19.Bd3 c4 20.Bc2 bxa4 21.Bxa4 Nb5 22.Ne2 Qc7
23.Be3 Nd7 24.Bxb5 axb5 25.Nd4 Ne5 26.Rfc1 Qb7 27.Ra1 Ra8 28.h3 Nd3 29.Rcb1
Rxa1 30.Rxa1 Ra8 31.Rb1 Ra3 32.Nc6 Qa6 33.Bh6 Bf6 34.Rf1 Ra2 35.Qe3 Ne5 36.Qf4
{#r} 1-0

[Event "Oberliga Northwest 1998/99"]
[Site "masterchessopen.com - Germany"]
[Round "0"]
[White "Richter Matthias Alexander (GER)"]
[Black "Geveke Michael (GER)"]
[Result "1-0"]
[WhiteElo "2255"]
[BlackElo "2315"]

1.d4 Nf6 2.c4 c5 3.d5 e6 4.Nc3 exd5 5.cxd5 d6 6.e4 g6 7.Nf3 Bg7 8.Be2 O-O
9.O-O Re8 10.Nd2 Na6 11.f3 Nc7 12.a4 Nd7 13.f4 f5 14.exf5 gxf5 15.Bh5 Re7
16.Nc4 Nf6 17.Bf3 b6 18.Qc2 Ba6 19.b3 Qd7 20.Bd2 Ng4 21.Bxg4 fxg4 22.f5 Rf8
23.Rf4 Ne8 24.Re1 Rxe1+ 25.Bxe1 Bc8 26.Qe2 Bd4+ 27.Kh1 Ng7 28.Qxg4 Qe7 29.Bh4
Bf6 30.Re4 Qd8 31.Bxf6 Qxf6 32.Qg3 Qxf5 33.h3 Qf1+ 34.Kh2 Kh8 35.Nxd6 Bf5
36.Rf4 {#r} 1-0

[Event "It (open)"]
[Site "masterchessopen.com - Giessen (Germany)"]
[Round "0"]
[White "Klingelhoefer Stefan (GER)"]
[Black "Villwock Martin (GER)"]
[Result "1-0"]
[WhiteElo "2230"]
[BlackElo "2156"]

1.d4 Nf6 2.c4 c5 3.d5 e6 4.Nc3 exd5 5.cxd5 d6 6.Nf3 g6 7.Nd2 Bg7 8.e4 O-O
9.Be2 Re8 10.O-O Na6 11.f3 Nc7 12.a4 b6 13.Nc4 Ba6 14.Bg5 h6 15.Bh4 Rb8 16.Re1
Bxc4 17.Bxc4 a6 18.Qd3 b5 19.axb5 axb5 20.Nxb5 Nxb5 21.Bxb5 Re7 22.b3 g5
23.Bf2 Reb7 24.Bc4 Ne8 25.Rac1 Nc7 26.e5 Bxe5 27.Bxc5 Qf6 28.Bf2 Nb5 29.Re4
Nc3 30.Rxe5 Qxe5 31.Qxc3 {#r} 1-0

[Event "Cup Glorney"]
[Site "masterchessopen.com - Glasgow (Scotland)"]
[Round "3"]
[White "James David (WLS)"]
[Black "Holt E (SCO)"]
[Result "0-1"]
[WhiteElo "2153"]
[BlackElo "2230"]

1.d4 Nf6 2.c4 c5 3.d5 e6 4.Nc3 exd5 5.cxd5 d6 6.e4 g6 7.Nf3 Bg7 8.Be2 O-O
9.O-O Re8 10.Nd2 Na6 11.f3 Nc7 12.a4 Nh5 13.Nc4 Bd4+ 14.Be3 Qg5 15.Qxd4 cxd4
16.Bxg5 dxc3 17.bxc3 Nxd5 18.Nxd6 Re6 19.Bc4 Rxd6 20.Bxd5 Nf6 21.Bxf6 Rxf6
22.Rfb1 Rb8 23.a5 b6 24.axb6 axb6 25.Ra7 Be6 26.c4 Bxd5 27.exd5 Rc8 28.Rd1 Rd6
29.Rd4 Rcd8 30.Kf2 b5 31.cxb5 Rxd5 32.Rxd5 Rxd5 33.b6 Rb5 34.b7 Kg7 35.Ke3 Rb4
36.Kd3 Kf6 37.Kc3 Rb1 38.Kc4 Ke6 39.Kc5 Rc1+ 40.Kb6 Rb1+ 41.Kc7 Rc1+ 42.Kb8
Kd7 43.Ka8 Kd8 44.b8=Q+ Rc8 {#R} 0-1

[Event "Ch World (students)"]
[Site "masterchessopen.com - Graz (Austria)"]
[Round "3"]
[White "Bjerre Troels (DEN)"]
[Black "Vilela Jose Luis (CUB)"]
[Result "1-0"]
[WhiteElo "2320"]
[BlackElo "2260"]

1.d4 Nf6 2.c4 c5 3.d5 g6 4.Nc3 Bg7 5.e4 d6 6.Be2 O-O 7.Nf3 e6 8.O-O exd5
9.cxd5 Re8 10.Nd2 Na6 11.f3 Nc7 12.a4 b6 13.Nc4 Ba6 14.Bg5 h6 15.Be3 Qd7
16.Qd2 Bxc4 17.Bxc4 Kh7 18.Rab1 a6 19.b4 b5 20.Bd3 c4 21.Bc2 Ng8 22.a5 Qe7
23.Bd4 Bxd4+ 24.Qxd4 Qf6 25.Qd2 Rad8 26.f4 Qg7 27.Kh1 Nf6 28.Rbe1 Kg8 29.Qf2
Re7 30.Qf3 Qf8 31.Qg3 Qg7 32.Qf3 Qf8 33.h3 Qe8 34.Re2 Qf8 35.e5 Nh7 36.h4 Ree8
37.h5 Qg7 38.Rfe1 g5 39.exd6 Rxe2 40.Qxe2 Rxd6 41.Bxh7+ Kxh7 42.Qc2+ Kg8
43.Re7 Qf6 44.Rxc7 Qxf4 45.Qe4 Qf1+ 46.Kh2 Rf6 47.d6 Rxd6 48.Nd5 Rd8 49.Qe5
{#r} 1-0

[Event "It (open)"]
[Site "masterchessopen.com - Graz (Austria)"]
[Round "1"]
[White "Zoebisch Herbert (AUT)"]
[Black "Kainz Josef (AUT)"]
[Result "1-0"]
[WhiteElo "2203"]
[BlackElo "2092"]

1.d4 c5 2.d5 e6 3.c4 Nf6 4.Nc3 exd5 5.cxd5 d6 6.Nf3 g6 7.Nd2 Bg7 8.e4 O-O
9.Be2 Na6 10.O-O Re8 11.f3 Nc7 12.a4 Qe7 13.Nc4 Nd7 14.Kh1 b6 15.Bf4 Ne5
16.Ne3 h5 17.Bg3 Nd7 18.Bf2 Ba6 19.Bxa6 Nxa6 20.Rc1 Bh6 21.Rc2 Nb4 22.Re2 Ne5
23.Bg3 Ned3 24.Nc4 Bf4 25.Bxf4 Nxf4 26.Rd2 h4 27.Ne2 Nh5 28.g4 Nf6 29.Nc3 g5
30.Ne3 Qe5 31.Nf5 a6 32.Re2 Kh7 33.f4 gxf4 34.Qe1 Rh8 35.g5 Nh5 36.Qxh4 Kg6
37.Nh6 Nd3 38.Rg2 b5 39.Qg4 b4 40.Qf5+ Qxf5 41.exf5+ Kg7 42.Ne4 f6 43.gxf6+
Kxh6 44.Rg6+ Kh7 45.Ng5# 1-0

[Event "It (open)"]
[Site "masterchessopen.com - Graz (Austria)"]
[Date "2004.09.11"]
[Round "8"]
[White "Kekelidze Mikheil (GEO)"]
[Black "Schnider Gert (AUT)"]
[Result "1-0"]
[WhiteElo "2486"]
[BlackElo "2292"]

1.d4 Nf6 2.c4 e6 3.Nf3 c5 4.d5 exd5 5.cxd5 d6 6.Nc3 g6 7.Nd2 Bg7 8.e4 O-O
9.Be2 Re8 10.O-O Na6 11.f3 Rb8 12.a4 Nb4 13.Nc4 Bf8 14.Bg5 b6 15.f4 Be7 16.e5
Nfxd5 17.Nxd5 Nxd5 18.Qxd5 Bb7 19.Bxe7 {#r} 1-0

[Event "Ch Europe (juniors) (under 20) (final C)"]
[Site "masterchessopen.com - Groningen (Netherlands)"]
[Round "4"]
[White "Luminet Denis (BEL)"]
[Black "Haik Aldo (FRA)"]
[Result "0-1"]
[WhiteElo "2170"]
[BlackElo "2390"]

1.c4 Nf6 2.Nc3 g6 3.d4 c5 4.d5 d6 5.e4 Bg7 6.Be2 e6 7.Nf3 exd5 8.cxd5 O-O
9.O-O Re8 10.Nd2 Na6 11.f3 Nc7 12.a4 b6 13.Kh1 a6 14.Nc4 Rb8 15.Bf4 Bf8 16.Bg5
h6 17.Bh4 g5 18.Bf2 Nd7 19.Bg3 Ne5 20.Nxe5 dxe5 21.Qc2 Bd6 22.Rfd1 Bd7 23.Bf2
Qe7 24.Be3 Kh8 25.Rf1 Rg8 26.Qd2 Rg6 27.Kg1 h5 28.Kf2 g4 29.Kg1 gxf3 30.Bxf3
Rbg8 31.Rf2 h4 32.Ne2 Ne8 33.Kh1 f5 34.Qc2 f4 35.Bd2 Nf6 36.Rg1 Bg4 37.Qb3 c4
38.Qd1 Bc5 39.Qf1 Bxf2 40.Qxf2 Bxf3 41.gxf3 Nh5 42.Rxg6 Rxg6 43.Be1 Ng3+
44.hxg3 hxg3 45.Qg2 Rh6+ {#R} 0-1

[Event "Olympiad"]
[Site "masterchessopen.com - Habana (Cuba)"]
[Round "0"]
[White "Kagan Shimon (ISR)"]
[Black "Carvajal Juan (BOL)"]
[Result "1-0"]
[WhiteElo "2338"]
[BlackElo "2200"]

1.c4 Nf6 2.Nc3 d6 3.d4 g6 4.e4 Bg7 5.Nf3 O-O 6.Be2 c5 7.d5 e6 8.O-O exd5
9.cxd5 Re8 10.Nd2 Na6 11.f3 Nc7 12.a4 Nh5 13.Nc4 Bd4+ 14.Kh1 Qf6 15.Qd2 Bd7
16.g4 Ng7 17.Qh6 Qe7 18.Bf4 Bxc3 19.Bxd6 Qd8 20.bxc3 Nxd5 21.exd5 Rxe2 22.Rae1
Rxe1 23.Rxe1 Qf6 24.Re3 Ne8 25.Qf8# 1-0

[Event "Olympiad"]
[Site "masterchessopen.com - Habana (Cuba)"]
[Round "0"]
[White "Kchouk Bechir"]
[Black "Forintos Gyozo V (HUN)"]
[Result "1-0"]
[WhiteElo "2200"]
[BlackElo "2317"]

1.d4 Nf6 2.c4 c5 3.d5 e6 4.Nc3 exd5 5.cxd5 d6 6.e4 g6 7.Nf3 Bg7 8.Be2 O-O
9.O-O Re8 10.Nd2 Na6 11.f3 Nc7 12.a4 b6 13.Nc4 Ba6 14.Bf4 Nh5 15.Be3 f5 16.Nd2
f4 17.Bf2 Bc8 18.Nc4 Rb8 19.Qc2 a6 20.Rfd1 Qd7 21.a5 b5 22.Nb6 Qd8 23.Nxc8
Qxc8 24.Rab1 b4 25.Na4 Qd8 26.Nb6 Qg5 27.Bc4 Kh8 28.Qd3 Rb7 29.Bxa6 Ra7 30.Bb5
Rb8 31.Bc6 Qd8 32.Nc4 Na6 33.Re1 Qc7 34.Qb3 Rd8 35.Qa4 Nb8 36.e5 dxe5 37.Bxc5
Rxd5 38.Bxa7 Qxa7+ 39.Kh1 Rc5 40.Be4 Nf6 41.Qxb4 Nbd7 {#r} 1-0

[Event "Ch Armies"]
[Site "masterchessopen.com - Habana (Cuba)"]
[Round "1"]
[White "Zheliandinov Viktor (UKR)"]
[Black "Adamski Jan (POL)"]
[Result "0-1"]
[WhiteElo "2356"]
[BlackElo "2297"]

1.d4 Nf6 2.c4 c5 3.d5 e6 4.Nc3 exd5 5.cxd5 d6 6.Nf3 g6 7.e4 Bg7 8.Be2 O-O
9.O-O Re8 10.Nd2 Na6 11.f3 Nc7 12.a4 Nd7 13.f4 Nf6 14.Bf3 b6 15.Nc4 Ba6 16.Qb3
Bxc4 17.Qxc4 Rb8 18.Nb5 Nxb5 19.axb5 Nxe4 20.Bxe4 Bd4+ 21.Kh1 Rxe4 22.Rxa7 Qh4
23.Qd3 Rbe8 24.Ra8 Kg7 25.Rxe8 Rxe8 26.b4 Re1 27.Bd2 Rxf1+ 28.Qxf1 Qh5 29.Qf3
Qxf3 30.gxf3 c4 31.Kg2 Kf6 32.Kf1 Kf5 33.Ke2 Kf6 34.Be1 Kf5 35.Bd2 h6 36.h4
Kf6 37.Be1 Kf5 38.Bd2 f6 39.Bc1 g5 40.fxg5 fxg5 41.hxg5 hxg5 42.Bd2 g4 {#R}
0-1

[Event "Ch Hessen (qual)"]
[Site "masterchessopen.com - Hessen (Germany)"]
[Round "3"]
[White "Koehler Ronald (GER)"]
[Black "Boehle Reinard (GER)"]
[Result "0-1"]
[WhiteElo "2284"]
[BlackElo "2108"]

1.d4 Nf6 2.c4 c5 3.d5 e6 4.Nc3 exd5 5.cxd5 g6 6.Nf3 d6 7.Nd2 Bg7 8.e4 O-O
9.Be2 Re8 10.O-O Na6 11.f3 Nc7 12.a4 Nh5 13.Nc4 Bd4+ 14.Kh1 f5 15.exf5 Qe7
16.Ne4 gxf5 17.Bg5 Qg7 18.Ncxd6 fxe4 19.Nxe8 Qxg5 20.fxe4 Ng3+ 21.hxg3 Nxe8
22.Ra3 Ng7 23.g4 h5 24.g3 hxg4 25.Rb3 Qh5+ {#R} 0-1

[Event "Ch Netherlands (w)"]
[Site "masterchessopen.com - Hilversum (Netherlands)"]
[Round "4"]
[White "Schuurman Petra (NED)"]
[Black "Van Nies Pauline (NED)"]
[Result "0-1"]
[WhiteElo "2239"]
[BlackElo "2109"]

1.d4 Nf6 2.c4 c5 3.d5 e6 4.Nc3 exd5 5.cxd5 d6 6.Nf3 g6 7.Nd2 Bg7 8.e4 O-O
9.Be2 Re8 10.O-O Na6 11.f3 Nc7 12.a4 Nd7 13.f4 Nf6 14.Bf3 a6 15.Nc4 Rb8 16.Re1
b5 17.axb5 Nxb5 18.e5 dxe5 19.fxe5 Nd7 20.Bf4 Nxc3 21.bxc3 Ra8 {#R} 0-1

[Event "Ch Hungary (team)"]
[Site "masterchessopen.com - Hungary"]
[Round "0"]
[White "Kormanyos Zoltan (HUN)"]
[Black "Vass Attila (HUN)"]
[Result "1-0"]
[WhiteElo "2314"]
[BlackElo "2089"]

1.d4 Nf6 2.c4 c5 3.d5 e6 4.Nf3 exd5 5.cxd5 d6 6.Nc3 g6 7.Nd2 Bg7 8.e4 O-O
9.Be2 Re8 10.O-O Na6 11.f3 Nc7 12.Kh1 a6 13.a4 b6 14.Ra3 Rb8 15.Rb3 Nh5 16.f4
Bxc3 17.bxc3 Nf6 18.Bf3 Bd7 19.Rb1 b5 20.axb5 axb5 21.Bb2 Qc8 22.c4 Ng4 23.Qb3
b4 24.Ba1 Ra8 25.Qb2 Rxa1 26.Rxa1 Na8 27.h3 Nh6 28.Qf6 Bxh3 {#r} 1-0